| 000 | 01084nam a2200241Ia 4500 | ||
|---|---|---|---|
| 999 |
_c56065 _d56065 |
||
| 001 | 23165 | ||
| 003 | GE_BSU | ||
| 005 | 20230718124144.0 | ||
| 008 | 181216s1967||||ge |||||||||||||| ||geo|| | ||
| 040 | _cGE_BSU | ||
| 041 | _ageo | ||
| 080 | _a821.111-1 + 821.111-144 კ-53 | ||
| 100 |
_aკიპლინგი, რედიარდ _919408 |
||
| 245 |
_aლექსები და ბალადები / _cრედიარდ კიპლინგი ; თარგმნა ინგლ. მ. ლებანიძემ ; ილ. გ. ალექსი-მესხიშვილი ; რედ. კ. ლორთქიფანიძე. |
||
| 264 |
_aთბილისი : _bნაკადული, _c1967. |
||
| 300 |
_a62 გვ. : _bილ. ; _c21 სმ |
||
| 541 | _h0,70თ. | ||
| 653 | _aლექსები | ||
| 653 | _aბალადები | ||
| 700 |
_aლებანიძე, მ. _eმთარგმნელი _916253 |
||
| 700 |
_aლორთქიფანიძე, კ. _eრედაქტორი _93817 |
||
| 942 |
_cBK _2udc |
||